| 000 | 01088cam a2200313Mi 4500 | ||
|---|---|---|---|
| 001 | 60141 | ||
| 005 | 20230410123647.0 | ||
| 008 | 011001s2001 sp 000 0 spa d | ||
| 035 | _a(OCoLC)ocm48639596 | ||
| 040 |
_aPL# _bspa _cPL# _dOCLCQ _dDRFGD |
||
| 020 | _a847248890X | ||
| 020 | _a9788472488908 | ||
| 029 | 0 |
_aPL# _b847248890X |
|
| 035 | _a(OCoLC)48639596 | ||
| 050 | 1 | 4 |
_aKKT 920 _bF363d 2001 |
| 100 | 1 |
_aFernández-Nóvoa, Carlos, _d1930- |
|
| 245 | 1 | 0 |
_aDerecho de marcas : _blegislación. Jurisprudencia comunitaria / _cCarlos Fernández-Nóvoa, Angel García Vidal. |
| 260 |
_aMadrid : _bMarcial Pons, ediciones jurídicas y sociales, _c2001. |
||
| 300 |
_a558 p. ; _c25 cm. |
||
| 653 |
_aMarcas de fábrica _aAspectos legales. |
||
| 653 |
_aDerecho mercantil _aEspaña. |
||
| 653 |
_aDerecho mercantil _aUnión Europea _aJurisprudencia. |
||
| 653 |
_aDerecho internacional _aAplicaciones industriales. |
||
| 700 | 1 |
_aGarcía Vidal, Angel, _eaut. |
|
| 938 |
_aPuvill Libros _bPUVL _n847248890X _c$59.35 |
||
| 942 |
_2lcc _cbk |
||
| 946 | _almminaya | ||
| 994 |
_aC0 _bDRFGD |
||
| 999 |
_c65786 _d65786 |
||